[Event "Tata Steel Tienkampen 2023"]
[Site "Wijk aan Zee"]
[Date "2023.01.23"]
[Round "4.2"]
[White "De Winter, Arthur"]
[Black "Lopez, Jasel"]
[Result "1-0"]
[WhiteElo "2371"]
[BlackElo "2434"]
[Annotator "TA"]
[PlyCount "160"]
[EventDate "2023.01.20"]
[EventType "swiss"]
[EventCountry "NED"]
[SourceTitle "playchess.com"]
[Source "ChessBase"]
[SourceQuality "1"]

{[%evp 31,160,52,77,57,66,32,48,39,72,33,93,52,52,51,63,26,39,41,67,38,52,56,62,59,91,77,151,97,90,0,0,39,32,-99,-85,-144,-1,-10,0,-23,145,152,135,133,130,130,132,90,160,0,0,0,0,0,0,0,85,0,58,48,145,130,135,125,404,377,390,400,369,367,358,150,207,203,191,67,67,66,460,437,437,435,387,343,252,73,72,97,289,289,29960,29962,29962,29961,6753,5385,29971,29972,29965,29967,5895,113,29964,29965,29961,29959,29960,29955,29966,29970,29968,29968,29980,29981,29981,29982,29983,29984,29985,8,29987,29988,29988,66,29989,29990,29993,29988,29994,-24,29992]} 1. e4 {[%emt 0:00:12]} c5 {[%emt 0:00:05]} 2. Nf3 d6 {[%emt 0:00:08]} 3. d4 {[%emt 0:00:04]} cxd4 {[%emt 0:00:05]} 4. Nxd4 {[%emt 0:00:03]} Nf6 {[%emt 0:00:07]} 5. Nc3 {[%emt 0:00:03]} g6 {[%emt 0:00:10]} 6. Be3 {[%emt 0:00:06]} Bg7 {[%emt 0:00:30]} 7. f3 {[%emt 0:00:04]} O-O {[%emt 0:01:15]} 8. Qd2 {[%emt 0:00:05]} Nc6 {[%emt 0:00:06]} 9. O-O-O {[%emt 0:00:07]} d5 {[%emt 0:00:06]} 10. exd5 {[%emt 0:00:11]} Nxd5 {[%emt 0:00:09]} 11. Nxc6 {[%emt 0:00:04]} bxc6 {[%emt 0:00:08]} 12. Bd4 {[%emt 0:00:05]} e5 {[%emt 0:00:07]} 13. Bc5 {[%emt 0:00:10]} Be6 {[%emt 0:01:35]} 14. Ne4 {[%emt 0:00:36]} Re8 {[%emt 0:12:21]} 15. h4 {[%emt 0:00:49][%cal Bh2h4,Bh4h5][%mdl 32]} h6 {[%emt 0:01:32]} 16. g4 {[%emt 0:08:57] 16.h5 gains popularity.} Qc7 {[%emt 0:08:52]} 17. Bc4 {[%emt 0:08:00] B76: Sicilian Dragon: Yugoslav Attack, 9 g4 and 9 0-0-0.} Red8 {[%emt 0:12:25]} 18. Qf2 {[%emt 0:07:36]} (18. h5 {is interesting.} Nf4 19. Bd6 Qc8 20. Qb4) 18... Nf4 {[%emt 0:04:10]} 19. Bxe6 {[%emt 0:15:46] White is slightly better.} Nxe6 {[%emt 0:00:40]} 20. h5 {[%emt 0:04:04]} (20. Bd6 {with more complications.} Qb6 21. Qg3 Nd4 22. Qg2) 20... g5 {[%emt 0:05:28]} (20... Rxd1+ $14 21. Rxd1 gxh5) 21. Be3 {[%emt 0:08:29]} Rd5 {[%emt 0:07:54] [#]} 22. Qe2 $146 {[%emt 0:08:33]} ({Predecessor:} 22. Rd2 Qa5 23. Kb1 Rb8 24. c3 Rbd8 25. Rhd1 Qb5 26. Qf1 Rxd2 27. Nxd2 Qd5 28. Bxa7 {½-½ Opitz,P-Haumann,J GER-ch41 V6 email 2007}) 22... Rb8 {[%emt 0:06:54]} 23. Qc4 {[%emt 0:07:08]} Qb7 {[%emt 0:08:52][%csl Gb8][%cal Rb7b2]} 24. b3 {[%emt 0:01:46] Active counter play!} Rbd8 {[%emt 0:00:23]} 25. c3 {[%emt 0:03:33]} Qd7 {[%emt 0:05:55][%cal Rd5d1]} 26. Rd2 {[%emt 0:03:24]} Rxd2 {[%emt 0:02:40]} 27. Bxd2 {[%emt 0:00:35]} Qd5 {[%emt 0:06:14]} 28. Be3 {[%emt 0:05:03]} Qa5 {[%emt 0:09:55]} (28... Nf4 $142) 29. Qa4 {[%emt 0:06:30]} (29. Qxc6 $2 Qxa2 30. Qa4 Qe2 $19) (29. Kb2 $142) 29... Qd5 $16 {[%emt 0:00:40]} 30. Qxa7 {[%emt 0:00:44]} (30. Qa6 $16) 30... Qd3 $14 {[%emt 0:01:07]} 31. Re1 {[%emt 0:09:46] Repels Qe2. Hoping for Qb6.} Nf4 $1 {[%emt 0:00:06]} 32. Bb6 {[%emt 0:05:59]} (32. Kb2 $14 {keeps the upper hand.}) 32... Re8 $17 {[%emt 0:05:39]} 33. Qa4 {[%emt 0:02:13]} (33. Be3 $142 Ng2 {[%mdl 64] Deflection} 34. Rd1 Qxe3+ 35. Qxe3 Nxe3 36. Rd7) 33... Re6 {[%emt 0:04:23]} (33... Rc8 $17 34. Qc4 Qxc4 {[%mdl 64] Remove Defender} 35. bxc4 Nd3+ 36. Kd2 Nxe1 37. Kxe1 Ra8) 34. Qc4 $1 $11 {[%emt 0:02:50] Strongly threatening Rf1.} Qxf3 {[%emt 0:00:05]} 35. Rd1 {[%emt 0:00:34] Prevents Nd3+} Ne2+ $2 {[%emt 0:02:01]} ({Better is} 35... Qxg4 $11 36. a4 Qxh5) 36. Kb2 $16 {[%emt 0:00:43]} Nd4 {[%emt 0:00:44]} 37. Qd3 {[%emt 0:00:46]} Qxg4 {[%emt 0:01:38][%cal Of7f5] Threatens to win with ...f5!} 38. cxd4 {[%emt 0:00:25]} exd4 {[%emt 0:00:05]} 39. Re1 {[%emt 0:01:37]} Qxh5 {[%emt 0:03:25]} (39... Qh4 $142 40. Re2 Qxh5) 40. Rf1 $2 {[%emt 0:02:18]} (40. Bxd4 $16 Bxd4+ 41. Qxd4) 40... Qg6 {[%emt 0:01:06]} 41. Nc5 {[%emt 0:01:46]} Re2+ $1 {[%emt 0:01:28]} 42. Kb1 {[%emt 0:00:47] aiming for Qxg6.} (42. Qxe2 $2 d3+ 43. Kc1 dxe2 $19) 42... Qh5 {[%emt 0:00:59]} 43. Qf5 $36 {[%emt 0:04:09][%mdl 2048] White is more active.} Rh2 {[%emt 0:15:14]} (43... Rd2 $11 44. Qc8+ Bf8) 44. Qc8+ {[%emt 0:07:25] The board is on fire.} (44. Ne4 $1 $16 {[%cal Re4f6]}) 44... Kh7 {[%emt 0:00:15]} (44... Bf8 $1 $11 45. Qf5 (45. Qxc6 Qe2) (45. Nd7 Rb2+ 46. Ka1 Rxa2+ 47. Kb1 Rb2+ 48. Kc1 Rc2+ 49. Kb1 Rb2+ {[%mdl 64] Double Attack} 50. Ka1 Ra2+ 51. Kb1 Rb2+ $11) 45... Rd2) 45. Qxc6 $14 {[%emt 0:08:30] Qe4+ is the strong threat.} Qe2 {[%emt 0:02:28]} (45... Rd2 $14 46. Qe4+ Kg8) 46. Qe4+ $16 {[%emt 0:00:09]} (46. Rxf7 $2 Qe1#) 46... Qxe4+ {[%emt 0:00:05]} 47. Nxe4 {[%emt 0:00:04]} d3 $2 {[%emt 0:00:10][%mdl 8192]} (47... Re2 $16 {was called for.}) 48. Nf2 $1 $18 {[%emt 0:01:32] And now a4 would win.} (48. Rxf7 $2 Rh1+) 48... g4 {[%emt 0:03:28]} 49. Bc7 {[%emt 0:04:06]} ({Less strong is} 49. Nxd3 Rd2 $16) (49. Nxg4 $2 {loses.} Rb2+ 50. Kc1 d2+ 51. Kd1 Rb1+ 52. Kxd2 Rxf1 $19) 49... Rg2 {[%emt 0:02:09]} 50. Nxd3 {[%emt 0:02:30]} Kg8 {[%emt 0:00:34]} 51. Be5 {[%emt 0:02:08]} (51. Rd1 $18) 51... h5 {[%emt 0:06:17]} (51... Rd2 $16) 52. Bxg7 {[%emt 0:07:39]} Kxg7 {[%emt 0:00:05][%mdl 4096] Endgame KRN-KR} 53. Rh1 {[%emt 0:00:19]} (53. Nf4 $18 Rh2 54. b4) 53... Rd2 $14 {[%emt 0:02:07]} 54. Nf4 {[%emt 0:00:30]} Rf2 $2 {[%emt 0:00:18][%mdl 8192]} (54... f5 $14) 55. Nxh5+ $18 {[%emt 0:00:38]} Kg6 {[%emt 0:00:04]} 56. a4 {[%emt 0:01:52]} Rf5 {[%emt 0:05:01]} 57. Ng3 {[%emt 0:01:40]} Rf3 {[%emt 0:00:04]} 58. Ne4 {[%emt 0:00:47]} (58. Ka2 $18 {is more deadly.}) 58... Rxb3+ $16 {[%emt 0:00:18]} 59. Kc2 {[%emt 0:00:20]} Rb4 {[%emt 0:00:10]} (59... Re3 $16 60. Nc3 Re5) 60. Nc3 $18 {[%emt 0:00:08]} f5 $2 {[%emt 0:00:05]} (60... Rb6 $18 61. a5 Ra6) 61. a5 {[%emt 0:00:26]} Rb8 {[%emt 0:04:49]} 62. a6 {[%emt 0:00:32]} Ra8 {[%emt 0:02:00]} 63. Ra1 {[%emt 0:00:05] Threatening mate with Nb5.} f4 {[%emt 0:00:01]} 64. Kd3 {[%emt 0:00:35]} Kf5 {[%emt 0:00:28]} 65. Ke2 {[%emt 0:02:31]} Ke6 {[%emt 0:02:23]} 66. a7 $2 {[%emt 0:00:55]} (66. Na4 $1 $18 {[%cal Oa6a7] is the precise move to win. White wants to mate with a7!} Ra7 67. Nb6) 66... Kd7 $2 {[%emt 0:00:40][%mdl 8192]} (66... Kd6 $16 67. Ra6+ Kc5) 67. Ra6 {[%emt 0:00:40]} Kc7 {[%emt 0:00:56]} 68. Rg6 {[%emt 0:00:40]} Kb7 {[%emt 0:00:11] [#]} 69. Nb5 $1 {[%emt 0:00:13]} ({Weaker is} 69. Rxg4 Rxa7 70. Rxf4 Kc6 $14) 69... f3+ {[%emt 0:01:33]} 70. Kf2 {[%emt 0:00:07]} Rh8 {[%emt 0:00:05]} 71. Rxg4 {[%emt 0:00:23]} Kb6 {[%emt 0:00:03] [#]} 72. Ra4 $1 {[%emt 0:01:22]} Ra8 {[%emt 0:00:03]} 73. Nd6 {[%emt 0:00:03]} Kc7 {[%emt 0:00:58]} 74. Ra6 {[%emt 0:00:06]} Kd8 {[%emt 0:01:06]} 75. Kxf3 $2 {[%emt 0:00:09]} (75. Nb5 Kd7 76. Rd6+ Kc8 77. Rb6 Kd7 78. Rd6+ Kc8 79. Rb6 Kd7 80. Kxf3) 75... Kc7 $2 {[%emt 0:00:04][%mdl 8192]} (75... Rxa7 $11 76. Nf7+ Rxf7+ 77. Kg4 Ke7) 76. Ke4 {[%emt 0:00:03]} Kd8 {[%emt 0:00:07]} 77. Kd5 $2 {[%emt 0:00:07]} (77. Nb5 Kd7 78. Rd6+ Kc8 79. Rb6 Kd7 80. Rb8 Rxa7 81. Nxa7 Ke6 82. Rb6+ Ke7 83. Rc6) 77... Kd7 $2 {[%emt 0:00:03][%mdl 8192]} (77... Rxa7 $14 78. Rb6 Ra1) 78. Nb5 {[%emt 0:00:12]} Kd8 {[%emt 0:00:54]} 79. Ke4 Rxa7 {[%emt 0:00:03] [#]} 80. Nd6 $2 Ra8 $2 {[%emt 0:00:13][%mdl 8192] Weighted Error Value: White=0.32/Black=0.57} (80... Rxa6 $11 81. Nb5 Rg6) 1-0

[Event "Tata Steel Tienkampen 2023"]
[Site "Wijk aan Zee"]
[Date "2023.01.23"]
[Round "4.3"]
[White "Van Dael, Siem"]
[Black "Pijpers, Arthur"]
[Result "1-0"]
[WhiteElo "2291"]
[BlackElo "2445"]
[Annotator "TA"]
[PlyCount "63"]
[EventDate "2023.01.20"]
[EventType "swiss"]
[EventCountry "NED"]
[SourceTitle "playchess.com"]
[Source "ChessBase"]
[SourceQuality "1"]

{[%evp 18,63,17,18,26,19,14,-21,-25,-38,-37,-67,0,0,6,-27,25,43,19,-120,-131,-126,-112,-138,-137,-326,-309,-634,-634,-634,-602,-29992,-29993,-29995,43,62,237,222,211,200,386,348,372,289,427,441,490,482]} 1. e4 {[%emt 0:01:06]} c5 {[%emt 0:00:05]} 2. Nf3 {[%emt 0:00:16]} Nc6 {[%emt 0:00:04]} 3. d4 {[%emt 0:00:06]} cxd4 {[%emt 0:00:03]} 4. Nxd4 {[%emt 0:00:05]} Nf6 {[%emt 0:00:04]} 5. Nc3 {[%emt 0:00:05]} d6 {[%emt 0:00:03]} 6. Bg5 {[%emt 0:00:41]} e6 {[%emt 0:00:04]} 7. Qd2 {[%emt 0:00:06]} a6 {[%emt 0:00:06]} 8. O-O-O {[%emt 0:00:10]} Be7 {[%emt 0:00:04]} 9. f3 {[%emt 0:10:00]} Nxd4 {[%emt 0:00:20]} 10. Qxd4 {[%emt 0:00:06]} b5 {[%emt 0:00:07] B66: Sicilian: Richter-Rauzer: 7...a6 8 0-0-0 h6.} 11. Kb1 {[%emt 0:00:45]} Bb7 {[%emt 0:00:57] [#]} 12. Bd2 $146 {[%emt 0:14:54]} ({Predecessor:} 12. Bc1 Qc7 13. g4 b4 14. Qxb4 d5 15. Qd4 Bc5 16. Qd2 dxe4 17. g5 e3 18. Qe2 {½-½ Ivic,V (2606)-Vokhidov,S (2521) FIDE Grand Swiss 2021 (11)}) 12... O-O {[%emt 0:16:47] The position is equal.} 13. Bd3 {[%emt 0:01:57]} Qc7 {[%emt 0:04:50]} 14. Rhe1 {[%emt 0:07:02] [#]} b4 {[%emt 0:19:36]} 15. Qxb4 $11 {[%emt 0:18:23]} d5 {[%emt 0:01:41]} 16. Qb3 {[%emt 0:01:05]} (16. Qd4 $5 {[%cal Re4d5]}) 16... Rab8 {[%emt 0:18:48]} (16... Rfb8 $142 17. exd5 Bxd5) 17. exd5 {[%emt 0:06:58]} Bxd5 {[%emt 0:00:17]} 18. Nxd5 {[%emt 0:02:12]} (18. Qa4 $1 $11 {was the only way to keep the balance.}) 18... Nxd5 $17 {[%emt 0:00:08]} 19. Qc4 {[%emt 0:00:06] [#]} Qd6 {[%emt 0:06:20][%cal Ob8b2]} 20. b3 {[%emt 0:06:40]} (20. Qxa6 $2 {too greedy.} Rxb2+ 21. Ka1 (21. Kxb2 $2 Rb8+ $19) 21... Qxa6 22. Bxa6 Rb6 $19) 20... Bf6 {[%emt 0:02:05]} 21. Qxa6 $2 {[%emt 0:06:17]} (21. Re4 $17 {was called for.}) 21... Qc5 {[%emt 0:02:59]} 22. Re4 $2 {[%emt 0:07:12]} (22. Qc4 Qa3 23. Bc1) 22... Ra8 $19 {[%emt 0:03:52]} ({And not} 22... Nc3+ 23. Bxc3 Qxc3 24. Kc1 $11) 23. Rc4 {[%emt 0:04:33] [#]} Qe7 {[%emt 0:01:04]} 24. Qb5 {[%emt 0:00:13]} Qa3 {[%emt 0:04:20][%csl Gf6][%cal Ra3b2]} 25. c3 {[%emt 0:00:05]} Rfb8 $2 {[%emt 0:00:29]} (25... Qxa2+ {mates} 26. Kc1 Qa1+ {[%mdl 64] Skewer, Double Attack} 27. Bb1 Ra2 28. Rh1 Qb2+ 29. Kd1 Qxd2#) 26. Ra4 $1 $14 {[%emt 0:00:58]} Qxa4 {[%emt 0:00:06]} (26... Qd6 $14 27. Rxa8 Rxa8) 27. bxa4 $18 {[%emt 0:00:07][%cal Od3e4] aiming for Be4!} Rxb5+ {[%emt 0:00:21]} 28. axb5 {[%emt 0:02:23]} ({Don't take} 28. Bxb5 $6 Nxc3+ 29. Bxc3 Bxc3 $14) 28... Bxc3 $2 {[%emt 0:21:33]} (28... Nxc3+ 29. Bxc3 Bxc3) 29. Bc4 {[%emt 0:01:35] Black must now prevent Bxd5.} Nb6 {[%emt 0:05:47] And now ...Bxd2 would win.} 30. Bb3 {[%emt 0:03:29]} Bd4 {[%emt 0:00:04]} (30... Bf6 $142 31. Bb4 h6) 31. Bb4 {[%emt 0:01:05]} e5 {[%emt 0:01:51]} 32. Rc1 {[%emt 0:00:25] White used his chance. An exciting game.   Weighted Error Value: White=0.86/Black=0.54} 1-0

[Event "Tata Steel Tienkampen 2023"]
[Site "Wijk aan Zee"]
[Date "2023.01.23"]
[Round "4.4"]
[White "Pham, Khoi"]
[Black "Van der Werf, Mark"]
[Result "1/2-1/2"]
[WhiteElo "2353"]
[BlackElo "2412"]
[Annotator "TA"]
[PlyCount "93"]
[EventDate "2023.01.20"]
[EventType "swiss"]
[EventCountry "NED"]
[SourceTitle "playchess.com"]
[Source "ChessBase"]
[SourceQuality "1"]

{[%evp 35,93,0,8,10,4,13,10,11,0,29,51,43,101,-35,-27,-29,-33,-35,-24,-37,-29,-19,-38,-29,-32,-40,0,0,113,108,110,105,335,-60,0,0,0,-41,-42,-39,-55,-45,-8,-8,-8,-9,0,0,0,0,0,0,0,-81,0,0,0,0,0,-8]} 1. e4 {[%emt 17:51:52]} e5 {[%emt 0:00:07]} 2. Nf3 {[%emt 0:00:06]} Nc6 {[%emt 0:00:04]} 3. Bb5 {[%emt 0:00:05]} a6 {[%emt 0:00:11]} 4. Ba4 {[%emt 0:00:05]} Nf6 {[%emt 0:00:10]} 5. O-O {[%emt 0:00:08]} Be7 {[%emt 0:00:07]} 6. Re1 {[%emt 0:00:12]} b5 {[%emt 0:00:06]} 7. Bb3 {[%emt 0:00:04]} d6 {[%emt 0:00:05]} 8. c3 {[%emt 0:00:06]} O-O {[%emt 0:00:04]} 9. h3 {[%emt 0:00:08]} Re8 {[%emt 0:00:17]} 10. d4 {[%emt 0:00:32]} Bb7 {[%emt 0:00:07]} 11. Nbd2 {[%emt 0:00:51]} Bf8 {[%emt 0:00:18]} 12. a4 {[%emt 0:00:08]} h6 {[%emt 0:00:16]} 13. Bc2 {[%emt 0:00:57]} exd4 {[%emt 0:00:37]} 14. cxd4 {[%emt 0:00:06]} Nb4 {[%emt 0:00:07]} 15. Bb1 {[%emt 0:00:20]} c5 {[%emt 0:00:38]} 16. d5 {[%emt 0:00:28]} Nd7 {[%emt 0:00:12][%cal Bf6d7,Bd7c5,Bc5d3][%mdl 32]} 17. Ra3 {[%emt 0:00:50]} c4 {[%emt 0:00:31]} 18. Nd4 {[%emt 0:00:44]} Qf6 {[%emt 0:02:06]} 19. N2f3 {[%emt 0:00:43] With the idea Bd2. C92: Closed Ruy Lopez: 9...Be6, Karpov and Flohr-Zaitsev Variations.} Nc5 {[%emt 0:24:40]} 20. b3 $1 {[%emt 0:00:15][%mdl 4] outshines the older 20.axb5.} Nbd3 {[%emt 0:03:44]} 21. Bxd3 {[%emt 0:00:48]} Nxd3 {[%emt 0:03:41]} 22. Re3 {[%emt 0:00:50] [#]} Nxc1 $146 {[%emt 0:04:28]} ({Predecessor:} 22... b4 23. Ra1 Nc5 24. bxc4 Rxe4 25. a5 Rae8 26. Rb1 Qd8 27. Rxe4 Rxe4 28. Bd2 Qxa5 29. Bxb4 {0-1 Grischuk,A (2745)-Tang,A (2539) MrDodgy Online Inv Finals 3rd blitz 2022 (1.10)}) 23. bxc4 {[%emt 0:00:58]} (23. Qxc1 b4 24. Ra2 cxb3 25. Nxb3 Rec8 $11) 23... Rac8 {[%emt 0:07:32]} (23... Rec8 $1 $14) 24. Qxc1 {[%emt 0:26:36]} (24. axb5 $16 axb5 25. Ra7 (25. Qxc1 bxc4 26. Ra4 Rc5 $16)) 24... Rxc4 $15 {[%emt 0:00:37]} 25. Qd2 {[%emt 0:03:17]} b4 {[%emt 0:03:46]} (25... Rxa4 26. Rxa4 bxa4 27. Qb4 $14) 26. Ra2 {[%emt 0:00:53]} a5 {[%emt 0:08:52]} 27. Rc2 {[%emt 0:04:18]} Rec8 {[%emt 0:06:55] Threatens to win with ...Rxc2.} 28. Rxc4 {[%emt 0:02:08]} Rxc4 {[%emt 0:00:09]} 29. Nb3 {[%emt 0:06:05]} Qd8 {[%emt 0:03:21]} 30. Nfd4 {[%emt 0:03:45]} Qb6 {[%emt 0:05:16]} (30... Be7 $5 {[%cal Re7g5]} 31. Qd3 Ba6 $15) 31. Rf3 {[%emt 0:09:30]} Be7 {[%emt 0:18:39]} (31... Qd8 $11) 32. Qf4 $16 {[%emt 0:05:17] White is more active.} Bf6 {[%emt 0:04:22]} (32... Rxd4 $2 33. Qxf7+ Kh7 34. Qxe7 $18) 33. Nf5 {[%emt 0:02:28][%cal Of5h6] [#] Black must now prevent Nxh6+! A dynamic duo of knights.} Bxd5 $2 {[%emt 0:01:01]} (33... Qc7 $16) 34. Nxd6 $2 {[%emt 0:16:44]} (34. Ne3 $18 Rxe4 35. Nxd5 Rxf4 36. Nxb6) 34... Rc6 {[%emt 0:00:06]} (34... Rd4 $1 $15 35. Nxd4 Qxd4) 35. exd5 $11 {[%emt 0:00:49]} Rxd6 {[%emt 0:00:08]} 36. Qc4 {[%emt 0:03:22]} Qd8 {[%emt 0:01:19]} 37. Rd3 {[%emt 0:00:29]} Qe8 {[%emt 0:02:24] Hoping for ...Qe1+.} 38. g3 {[%emt 0:05:55]} Qxa4 {[%emt 0:03:22]} 39. Qc5 {[%emt 0:00:57]} Be7 {[%emt 0:04:44] ...Qa2 would be deadly.} 40. Nxa5 {[%emt 0:02:57]} (40. Qxa5 {simplifies} Qxa5 41. Nxa5 Rb6 42. Kg2) 40... Rd7 {[%emt 0:01:39]} 41. Qc8+ {[%emt 0:05:21]} Rd8 {[%emt 0:01:03]} 42. Qc7 {[%emt 0:00:33] And now Nc6 would win.} Rd7 {[%emt 0:04:15]} 43. Qb8+ {[%emt 0:02:20]} Rd8 {[%emt 0:00:21]} 44. Qb6 {[%emt 0:01:12] [#]} (44. Qc7 $11 Bf6 45. Qc5 (45. Nc6 b3 $15)) 44... Qd7 {[%emt 0:14:27]} ({Black should try} 44... Qc2 $1 $17 {[%cal Rc2d3]} 45. Re3 (45. Nc6 Bf6 $17) 45... Bg5) 45. Nc6 {[%emt 0:02:13] The position is equal.} Ra8 {[%emt 0:00:35]} 46. Kg2 {[%emt 0:11:18]} Ra3 {[%emt 0:04:28]} 47. Qe3 {[%emt 0:05:49] Weighted Error Value: White=0.33/Black=0.28 (precise)} 1/2-1/2

[Event "Tata Steel Tienkampen 2023"]
[Site "Wijk aan Zee"]
[Date "2023.01.23"]
[Round "4.5"]
[White "Martins, Vinicius Tine"]
[Black "Zwirs, Nico"]
[Result "0-1"]
[WhiteElo "2320"]
[BlackElo "2467"]
[Annotator "TA"]
[PlyCount "88"]
[EventDate "2023.01.20"]
[EventType "swiss"]
[EventCountry "NED"]
[SourceTitle "playchess.com"]
[Source "ChessBase"]
[SourceQuality "1"]

{[%evp 11,88,0,3,-16,-22,-14,-20,-21,-19,-22,-12,-47,-39,-98,-93,-81,-40,-92,-81,-87,-84,-87,-88,-82,-82,-127,-133,-131,-90,-86,-65,-108,-87,-101,-103,-108,-79,-81,-79,-67,-75,-157,-161,-156,-165,-154,-75,-161,-34,-179,-57,-133,-172,-185,-158,-591,-564,-1126,-1102,-1004,-1647,-5656,-5381,-2943,-2893,-2729,-2565,-29986,-1893,-29985,-2188,-1612,-688,-29968,-1678,-2776,-2756,-29986,-29987]} 1. Nf3 {[%emt 0:00:10]} d5 {[%emt 0:00:06]} 2. e3 {[%emt 0:00:50]} Nf6 {[%emt 0:00:09]} 3. b3 {[%emt 0:00:49]} e6 {[%emt 0:00:15]} 4. Bb2 {[%emt 0:00:20]} Bd6 {[%emt 0:04:00]} 5. c4 {[%emt 0:02:44]} O-O {[%emt 0:01:50]} 6. Nc3 {[%emt 0:08:16]} c6 {[%emt 0:01:34]} 7. Qc2 {[%emt 0:05:49] A11: English Opening: 1...c6.} e5 {[%emt 0:09:34]} 8. cxd5 {[%emt 0:02:58]} cxd5 {[%emt 0:03:24]} 9. Nb5 {[%emt 0:01:07][%cal Ob5d6] The position is equal.} Nc6 {[%emt 0:00:08]} 10. Nxd6 {[%emt 0:00:58]} Qxd6 {[%emt 0:00:21]} 11. Rc1 {[%emt 0:43:00]} Bg4 {[%emt 0:05:57]} 12. h3 {[%emt 0:22:21]} (12. Qc5 $15 Qe6 13. h3 Bxf3 14. gxf3) 12... Bxf3 $17 {[%emt 0:17:57]} 13. gxf3 {[%emt 0:00:02]} Rac8 {[%emt 0:00:14]} 14. h4 {[%emt 0:06:08] [#]} (14. Bg2 $1 $15) 14... Ne7 $146 {[%emt 0:07:52]} ({Predecessor:} 14... d4 15. Bh3 Rcd8 16. Qc5 Qc7 17. b4 Rd5 18. Qc4 Qb6 19. a3 a5 20. e4 Rdd8 {½-½ Semcesen,D (2420)-Hector,J (2584) SWE-ch Lund 2010 (1)}) 15. Qb1 {[%emt 0:00:19]} Rxc1+ {[%emt 0:06:02]} 16. Qxc1 {[%emt 0:00:03]} Rc8 {[%emt 0:00:11]} 17. Qb1 {[%emt 0:00:24]} d4 {[%emt 0:05:23]} 18. Bh3 {[%emt 0:06:49]} Rd8 {[%emt 0:01:54]} 19. Qc2 {[%emt 0:01:58]} Qd5 {[%emt 0:14:20]} 20. Bg2 {[%emt 0:03:06]} Rc8 {[%emt 0:05:43]} 21. Qb1 {[%emt 0:00:36]} Qb5 {[%emt 0:08:30]} 22. Bh3 {[%emt 0:01:17]} Rd8 {[%emt 0:00:33]} 23. Qc2 {[%emt 0:00:41]} Nc6 {[%emt 0:01:31]} 24. a3 {[%emt 0:00:36] Dodges Nb4} Qd5 {[%emt 0:02:38]} 25. Bg2 {[%emt 0:00:17]} Na5 {[%emt 0:01:38]} 26. b4 {[%emt 0:00:05]} ({White should play} 26. O-O) 26... Nc4 $36 {[%emt 0:01:47][%mdl 2048] Keeping White busy.} 27. O-O {[%emt 0:00:30] [#]} d3 $1 {[%emt 0:03:32]} 28. Qc1 {[%emt 0:01:09] [#]} b5 {[%emt 0:00:41] Black has more active pieces.} ({Black should try} 28... Qe6 $1 {Hoping for ...Rc8.} 29. Kh2 b5) 29. Bc3 {[%emt 0:00:42]} (29. f4 $17 {was called for.} e4 30. Bxf6 gxf6 31. f3) 29... Rd6 {[%emt 0:01:26]} (29... Qd6 $19 {...Nd5 is the strong threat.} 30. a4 a6) 30. Qa1 {[%emt 0:00:39]} (30. a4 $1 $15) 30... Nd7 {[%emt 0:00:48]} (30... Nh5 $19 31. a4 Rg6) 31. f4 {[%emt 0:00:39]} (31. h5 $15) 31... Rg6 {[%emt 0:00:30][%csl Gg6][%cal Rd5g2]} 32. f3 {[%emt 0:00:14]} exf4 {[%emt 0:01:14]} 33. e4 {[%emt 0:00:24]} (33. exf4 $17 {was the crucial defense.} Qf5 34. Qe1) 33... Qe6 $19 {[%emt 0:02:22]} 34. Qe1 {[%emt 0:00:42]} Qh3 {[%emt 0:00:41][%csl Gh3][%cal Rg6g2]} (34... Nxa3 $2 {too greedy.} 35. Qf2 $19) 35. Rf2 {[%emt 0:00:44]} Nde5 {[%emt 0:01:04]} 36. Bxe5 {[%emt 0:00:22]} Nxe5 {[%emt 0:00:02]} 37. Qd1 {[%emt 0:00:25]} h5 {[%emt 0:00:50]} 38. Kf1 {[%emt 0:00:32]} Qxh4 {[%emt 0:00:28] ( -> ...Qh2)} 39. Qa1 {[%emt 0:00:40]} Qg5 {[%emt 0:00:19]} (39... Nxf3 $142 40. Bxf3 Qh3+ 41. Bg2 Rxg2 {[%mdl 64] Remove Defender} 42. Rxg2 Qh1+ {[%mdl 64] Skewer} 43. Kf2 Qxa1 44. Kf3 Qf1+ 45. Rf2 Qh3+ 46. Kxf4 g5+ 47. Ke5 Qg3+ 48. Kd4 Qxf2+ 49. Kc3 g4 50. e5 g3 51. a4 g2 52. Kb3 Qxd2 53. e6 g1=Q 54. exf7+ Kxf7 55. axb5 Qc2+ 56. Ka3 Qgc1#) 40. Ke1 {[%emt 0:00:28]} Qf6 {[%emt 0:00:51]} (40... Nxf3+ $142 41. Bxf3 Qh4 42. Kf1 Qh3+ 43. Bg2 Rxg2 {[%mdl 64] Remove Defender} 44. Rxg2 Qh1+ {[%mdl 64] Skewer} 45. Kf2 Qxa1 46. Kf3 Qf1+ 47. Rf2 Qh3+ 48. Kxf4 g5+ 49. Ke5 Qg3+ 50. Kd4 Qxf2+ 51. Kxd3 h4 52. Kc3 h3 53. e5 h2 54. Kc2 h1=Q 55. e6 Qe4+ 56. Kc1 Qfe1+ {[%mdl 64] Deflection} 57. Kb2 Qxd2+ 58. Kb3 Qxe6#) 41. Qc3 {[%emt 0:05:44]} Nc4 {[%emt 0:10:51]} (41... Qe6 $142 42. Bf1 Qa2 43. Bxd3 Nxd3+ 44. Qxd3 Qa1+ 45. Ke2 Rg1 46. Qd8+ Kh7) 42. Qc1 {[%emt 0:11:38]} Qd4 {[%emt 0:04:46]} (42... Qh4 $142 43. Kf1 Qh2 44. Qc3 Ne3+ 45. dxe3 fxe3 46. Ra2 e2+ 47. Rxe2 dxe2+ 48. Kxe2 Qxg2+ 49. Ke3 Rf6 50. f4 Qg1+ 51. Kd2 Rd6+ 52. Ke2 Qg2+ 53. Ke1 Qxe4+ 54. Kf2 Qxf4+ 55. Ke1 Qh4+ 56. Kf1 Qh1+ 57. Kf2 Qh2+ 58. Ke1 Qg1+ 59. Ke2 Re6+ 60. Kd3 Qd1+ 61. Qd2 Rd6+ 62. Ke3 Qxd2+ 63. Ke4 Qd3+ 64. Kf4 Rd4+ 65. Kg5 Qg6#) 43. Bf1 {[%emt 0:03:08]} Rg1 {[%emt 0:00:33] Strongly threatening ...h4.} 44. Rh2 {[%emt 0:03:28]} g6 {[%emt 0:00:56] Weighted Error Value: White=1.28/Black=0.60} 0-1